| 000 | 01515nam a2200193 a 4500 | ||
|---|---|---|---|
| 001 | 000000586 | ||
| 005 | 20240412074158.0 | ||
| 008 | 081028s2007 dr a 000 j spa d | ||
| 040 |
_aDO-SdBNP _bspa _cBNPHU |
||
| 082 |
_aRD863.5 _bV872i |
||
| 245 | 0 | 0 |
_aVoces infantiles cuentan : _btradiciones y leyendas puertoplateñas / _crecopiladora Emelda Ramos. |
| 260 |
_aSanto Domingo : _bEdiciones Renovación, _c2007. |
||
| 300 |
_a105 p. : _bil. ; _c20 cm. |
||
| 505 | 0 |
_tEl compromiso de Brugal & Co. para elevar el nivel cultural de los dominicanos -- _tPresentación -- _tI- Narraciones en el tiempo -- _tLos ciclones y Puerto Plata -- _tEl misterio de Santa Rosa de Lima -- _tEn la celda de Duarte -- _tUn viaje en barco -- _tEl faro: historia y leyenda -- _tEl perro ferrocarrilero -- _tEl terremoto del 46 -- _tLa calle del doctor Zafra -- _tInsignia patria -- _tEl último día de las hermanas Mirabal -- _tInolvidable tradición -- _tII- Mitos, leyendas y apariciones -- _tLa ciguapa -- _t!No la mires a los ojos! -- _tLa sirena de Puerto Plata -- _t¿Realidad o fantasía? -- _tAntes de Cofresí -- _tEl galipote -- _tLa leyenda de Tiburcio -- _tEl hombre que pide agua -- _tBallenas de la desembocadura -- _tEntre las sombras -- _tEl chupa cabras -- _tEl cuervo de Isabel de Torres -- _tIII- Leyendas urbanas -- _tIdentificación de las voces infantiles. |
|
| 586 | _aConcurso literario por nuestro país primero, 2007 | ||
| 650 | 0 |
_aCuentos dominicanos _9176 |
|
| 650 | 0 |
_aLiteratura dominicana. _967 |
|
| 700 | 1 | 2 |
_aRamos, Emelda, _d1948- _91915 |
| 999 |
_c584 _d584 |
||